00791nam a22002417a 4500003000500000005001700005008004100022010000900063011001000072035000900082040000900091082002700100110005300127245003500180250001400215260005400229300001800283490005400301650004100355650003300396650002400429830009600453CHAP20230425130950.0971013s1968 r 00010 d a9713 a10685 a9923 cCHAP a636.085bN38n 1968 v.2 aAcademia Nacional de Ciencias. Washington, D. C. aNutrient requirements of swine a6 rev. ed aWashington :bNational Academy of Sciences,c1968 a69 p.b: ilus aNutrient requirements of domestic animalsv; 159914aAlimentos y alimentacion del ganado.14aGanado porcinoxNutrición.14aNutrición animal.0 aAnimal Nutrition Series (National Academies of Sciences, Engineering, and Medicine)v; 1599